| 000 | 00563cam a2200193 a 4500 | ||
|---|---|---|---|
| 020 | _a9781597180948 | ||
| 020 | _a1597180947 | ||
| 040 | _cDLC | ||
| 082 | _aREL STA 2011 C112 Or. | ||
| 245 | 0 | 0 |
_aStata time-series reference manual : _brelease 12. |
| 246 | 1 | 4 | _aStata release 12 : time-series |
| 246 | 1 | 8 | _aStata 12 : time-series |
| 260 |
_aCollege Station, Tex. : _bStataCorp LP, _cc2011. |
||
| 300 |
_av, 717 p. : _bill. ; _c24 cm. |
||
| 500 | _a"A Stata Press publication." | ||
| 650 | 0 | _aTime-series analysis | |
| 710 | 2 | _aStataCorp LP. | |
| 942 | _cAEDBB | ||
| 999 |
_c21535 _d21535 |
||